000 00781nab a2200193 4500
001 244442
003 OSt
005 20240409132122.0
007 tu
008 200917s2020|||||||
040 _aDE-2950
_cDE-2950
245 0 0 _a"Bei kriminellen Flüchtlingen hört jedes Verständnis auf"
_bTV-Auftritt. Bei Markus Lanz legte René Wilke einen viel beachteten Auftritt hin. Der Oberbürgermeister aus Frankfurt (Oder) fordert eine verschärfte Migrationspolitik, die in der Mitte der Gesellschaft längst Konsens sei/
_cPhilipp Stepputtis, Claus Liesegang
264 _c2024
653 _aFrankfurt (Oder)
653 _aMarkus Lanz
653 _aRené Wilke
773 0 _g35. Jahrgang (2024) Nr. 76 vom 30.03.2024, S. 10 , 19 mit Foto
_tMärkische Oderzeitung
942 _2z
_cA
999 _c373056
_d373056